|
|
|
|
| LEADER |
00000nab a2200000 a 4500 |
| 001 |
vtls000929827 |
| 003 |
SK-MaSNL |
| 005 |
20260304170822.0 |
| 008 |
040720e19981110xo 0 slo |
| 035 |
|
|
|a KE38704
|
| 040 |
|
|
|a KEVKJB
|b slo
|c KEVKJB
|e AACR2
|
| 041 |
0 |
|
|a slo
|
| 044 |
|
|
|a xo
|c SK
|
| 080 |
|
|
|a 796.33
|2 1981
|
| 100 |
1 |
|
|a Koch, Ján
|4 aut
|9 395129
|
| 245 |
1 |
0 |
|a Za splnený sĺub zaplatí" profíčka"
|b Do zlatej zbierky rodiny Žigalovcov prispel aj nohejbalista Marián
|
| 590 |
|
|
|a Žigala, Marián
|b nohejbalista, majster Európy, sveta
|
| 600 |
1 |
7 |
|a Žigala, Marián,
|d 1965-
|2 KEVKJB
|9 95776
|
| 650 |
0 |
7 |
|a nohejbal
|2 KEVKJB
|9 21866
|
| 650 |
0 |
7 |
|a majstrovstvá sveta
|2 KEVKJB
|9 449569
|
| 650 |
0 |
7 |
|a rozhovory
|2 KEVKJB
|9 453585
|
| 651 |
|
7 |
|a Szolnok (Maďarsko)
|2 KEVKJB
|9 31530
|
| 651 |
|
7 |
|a KE,
|2 KEVKJB
|9 877256
|
| 655 |
|
7 |
|a periodikum
|2 snkbucl
|9 29553
|
| 773 |
0 |
8 |
|t Šport
|g Roč. 52
|g Roč. 20, č.260, 10.11.1998, s. 5
|
| 852 |
|
|
|a ZVYKNI
|b KIS3GCP
|
| 999 |
|
|
|c 2990337
|d 2992267
|